000 00525nam a22001817a 4500
005 20231103100813.0
008 231103b |||||||| |||| 00| 0 eng d
020 _a9780409022124
041 _aEnglish
082 _a346.6 BEN
100 _aBenade, ML et al.
_lEnglish
245 _aEntrepreneurial Law /
_cML Benade et al.
250 _aFourth Edition
260 _aDurban :
_bLexisNexis,
_c2008
300 _bviii, 454 pages ;
_c25 cm.
650 _aLegal practice
_bLaw
942 _cBK
_6ALISON_BN_VRIES
999 _c288
_d288